| 000 | 00803cam a2200217 i 4500 | ||
|---|---|---|---|
| 005 | 20260108095601.0 | ||
| 008 | 250721s2009 sy gr 000 0 ara d | ||
| 041 | 1 |
_aara _heng |
|
| 082 | 1 | 4 |
_a291.044 _bم ي غ |
| 100 | 1 |
_aميغوليفسكي، أ.س. _eمؤلف. |
|
| 245 | 1 | 0 |
_aأسرار الآلهة والديانات / _cأ.س. ميغوليفسكي ؛ ترجمة د حسان مخائيل اسحق. |
| 250 | _aالطبعة الرابعة. | ||
| 264 | 3 | 1 |
_aدمشق : _bمنشورات دار علاء الدين، _c2009. |
| 300 | _a599 صفحة. | ||
| 650 | 1 | 7 | _aالديانات القديمة. |
| 650 | 1 | 7 | _aالآلهة. |
| 650 | 1 | 7 | _aالعقيدة الدينية. |
| 700 | 1 |
_aاسحق، حسان ميخائيل _eمترجم. |
|
| 942 |
_2ddc _cBK |
||
| 999 |
_c121986 _d121986 |
||